| Tag |
First Indicator |
Second Indicator |
Subfields |
| LEADER |
00000cam a2200000 a 4500 |
| 001 |
in00002012007 |
| 005 |
20211202202640.0 |
| 006 |
m d f |
| 007 |
cr cn- |
| 008 |
010129s2000 vaua s f000 0 eng d |
| 035 |
|
|
|a (OCoLC)ocm45810958
|
| 040 |
|
|
|a GIS
|c GIS
|d OCLCQ
|d GPO
|d DLC
|d MvI
|d UtOrBLW
|
| 049 |
|
|
|a WWW
|
| 074 |
|
|
|a 0621-L (online)
|
| 086 |
0 |
|
|a I 19.127:154-00
|
| 245 |
0 |
0 |
|a Chinese tallow, invading the southeastern coastal plain.
|
| 264 |
|
1 |
|a [Reston, Va.] :
|b U.S. Dept. of the Interior, U.S. Geological Survey,
|c [2000]
|
| 336 |
|
|
|a text
|b txt
|2 rdacontent
|
| 337 |
|
|
|a computer
|b c
|2 rdamedia
|
| 338 |
|
|
|a online resource
|b cr
|2 rdacarrier
|
| 490 |
1 |
|
|a USGS ;
|v FS-154-00
|
| 538 |
|
|
|a Mode of access: Internet from the USGS web site. Address as of 10/14/04: http://www.nwrc.usgs.gov/factshts/154-00.pdf; current access is available via PURL.
|
| 500 |
|
|
|a Title from title screen (viewed on Oct. 14, 2004).
|
| 500 |
|
|
|a "October 2000"
|
| 500 |
|
|
|a Electronic resource.
|
| 650 |
|
0 |
|a Tallow tree
|z Southern States.
|
| 650 |
|
0 |
|a Invasive plants
|z Southern States.
|
| 710 |
2 |
|
|a Geological Survey (U.S.)
|
| 830 |
|
0 |
|a Fact sheet (Geological Survey (U.S.)) ;
|v FS-00-154.
|
| 856 |
4 |
0 |
|u https://purl.fdlp.gov/GPO/LPS54682
|t 0
|
| 999 |
|
|
|a MARS
|
| 999 |
f |
f |
|s fc66f1b0-2e86-3c97-aa13-f18ca554a1a2
|i 13733101-9f9b-35d4-84c5-8dc828d9b023
|t 0
|
| 952 |
f |
f |
|a Texas A&M University
|b College Station
|c Electronic Resources
|d Available Online
|t 0
|e I 19.127:154-00
|h Superintendent of Documents classification
|
| 998 |
f |
f |
|a I 19.127:154-00
|t 0
|l Available Online
|